[Event "IECC O-3089"]
[Site "IECC email"]
[Date "2010.02.08"]
[Round "?"]
[White "Kellaway, Ted"]
[Black "Ewbank, James"]
[Result "0-1"]
[WhiteElo "1332"]
[BlackElo "1136"]
[PlyCount "52"]
[EventDate "2010.??.??"]
[EventType "swiss (corr)"]
[EventRounds "2"]
[SourceTitle "Telechess CBM 149"]
[Source "ChessBase"]
[SourceDate "2012.07.17"]
[SourceVersion "1"]
[SourceVersionDate "2012.07.17"]
[SourceQuality "1"]
[WhiteTeam "South Africa"]
[BlackTeam "England"]
[WhiteTeamCountry "RSA"]
[BlackTeamCountry "ENG"]

1. e4 e5 2. Nf3 Nc6 3. Bc4 h6 4. c3 Na5 5. Nxe5 Nxc4 6. Nxc4 d5 7. exd5 Qxd5 8. Ne3 Qd3 9. b3 Be6 10. Bb2 0-0-0 11. c4 Nf6 12. Bxf6 gxf6 13. Qc2 Bf5 14. Qxd3 Bxd3 15. Nc3 Bd6 16. Ncd5 c6 17. Nc3 f5 18. h4 Rde8 19. Kd1 Rhg8 20. Rh3 Be5 21. a3 f4 22. Nc2 Rxg2 23. Ne1 Rg1 24. Rxd3 Bxc3 25. Re3 fxe3 26. fxe3 Bxa1 0-1

[Event "IECC CL7-2010.01 email"]
[Site "IECC email"]
[Date "2010.02.08"]
[Round "?"]
[White "Simmons, Ernest"]
[Black "Ewbank, James"]
[Result "0-1"]
[WhiteElo "1152"]
[BlackElo "1100"]
[PlyCount "48"]
[EventDate "2010.??.??"]
[EventType "tourn (corr)"]
[EventRounds "4"]
[SourceTitle "Telechess CBM 149"]
[Source "ChessBase"]
[SourceDate "2012.07.17"]
[SourceVersion "1"]
[SourceVersionDate "2012.07.17"]
[SourceQuality "1"]
[WhiteTeam "US of America"]
[BlackTeam "England"]
[WhiteTeamCountry "USA"]
[BlackTeamCountry "ENG"]

1. d4 e6 2. c4 Nf6 3. Nc3 b6 4. e3 Bb7 5. Nf3 d5 6. Be2 c5 7. 0-0 Qc7 8. Nb5 Qc8 9. Qa4 Bc6 10. Ne5 a6 11. Nxc6 Nxc6 12. Nc3 dxc4 13. Qxc4 b5 14. Qb3 cxd4 15. exd4 Nxd4 16. Qd1 Bc5 17. Be3 0-0 18. Bf3 Nxf3+ 19. Qxf3 Bxe3 20. Qxe3 Qc7 21. Qf3 Rac8 22. Rfc1 Qa7 23. h3 h6 24. Rc2 b4 0-1